| 000 | 00796nam a22002177a 4500 | ||
|---|---|---|---|
| 999 |
_c4325 _d4325 |
||
| 003 | AR-CdUCM | ||
| 008 | 190308b ||||| |||| 00| 0 spa d | ||
| 040 |
_aMUNICIPALIDAD PROVINCIAL DEL CUSCO _cBIBLIOTECA MUNICIPAL DEL CUSCO |
||
| 082 |
_a720.8 / _b L23 |
||
| 100 |
_aLandau, Royston _913668 |
||
| 245 | _aNuevos caminos de la arquitectura inglesa / | ||
| 260 |
_aBarcelona ; _bBlume, _c1969. |
||
| 300 |
_a127 páginas ; _bIlustraciones,planos _c24 cm. |
||
| 505 | _aNuevos caminos y posibles perspectivas -- El contexto ingles -- Las soluciones actuales -- Traducción de las leyendas... | ||
| 650 |
_aArquitectura inglesa _913669 |
||
| 650 |
_aArte _9561 |
||
| 650 |
_aDibujo Arquitectónico _913643 |
||
| 650 |
_aPlanos arquitectónicos _913350 |
||
| 942 |
_2ddc _cLIBROS |
||
| 945 | _admma | ||